[Event "HUN-chT1 Maroczy 2324"]
[Site "Hungary"]
[Date "2024.03.10"]
[Round "8.7"]
[White "Torok, Tamas Titusz"]
[Black "Koczo, Kristof"]
[Result "1-0"]
[WhiteElo "1968"]
[BlackElo "2063"]
[PlyCount "97"]
[EventDate "2023.10.08"]
[EventType "team-tourn"]
[EventRounds "11"]
[EventCountry "HUN"]
[SourceTitle "EXT 2025"]
[Source "ChessBase"]
[SourceDate "2024.10.14"]
[SourceVersion "1"]
[SourceVersionDate "2024.10.14"]
[SourceQuality "1"]
[WhiteTeam "Magyar Sakkvilag"]
[BlackTeam "Kobanya Aquarena II"]
[WhiteTeamCountry "HUN"]
[BlackTeamCountry "HUN"]

1. e4 c5 2. b3 b6 3. Bb2 Bb7 4. d4 Bxe4 5. d5 e6 6. Nc3 exd5 7. f3 Bg6 8. Nxd5 Bf5 9. Ne2 Nc6 10. a3 Nge7 11. Nef4 Ng6 12. Qd2 Qb8 13. 0-0-0 Nxf4 14. Nxf4 Qb7 15. Bc4 Be6 16. Qe2 Nd4 17. Rxd4 cxd4 18. Bd5 Qb8 19. Nxe6 fxe6 20. Qe4 Be7 21. Bxa8 0-0 22. Bd5 Rf4 23. Bxe6+ Kh8 24. Qe2 dxe6 25. Qxe6 Qc7 26. Re1 Rf7 27. Kb1 Bf8 28. Qe8 Kg8 29. h3 Qh2 30. Qe2 Qf4 31. Ka2 h6 32. Rd1 Rd7 33. Qc4+ Qf7 34. Qxf7+ Kxf7 35. Rxd4 Bd6 36. a4 Ke6 37. Ba3 Bxa3 38. Rxd7 Kxd7 39. Kxa3 a5 40. Kb2 Kd6 41. c3 Ke5 42. g3 g5 43. b4 h5 44. bxa5 bxa5 45. c4 Kd4 46. Kb3 h4 47. g4 Ke5 48. Kc3 Kf4 49. c5 1-0

[Event "Budapest BSSZ op"]
[Site "Budapest"]
[Date "2023.08.22"]
[Round "2"]
[White "Varga, Boldizsar1"]
[Black "Koczo, Kristof"]
[Result "0-1"]
[WhiteElo "1936"]
[BlackElo "2019"]
[PlyCount "106"]
[EventDate "2023.08.21"]
[EventType "swiss"]
[EventRounds "9"]
[EventCountry "HUN"]
[SourceTitle "CBM 216 Extra"]
[Source "ChessBase"]
[SourceDate "2023.11.30"]
[SourceVersion "1"]
[SourceVersionDate "2023.11.30"]
[SourceQuality "1"]

1. Nf3 d5 2. c4 c6 3. g3 Bf5 4. Bg2 e6 5. 0-0 Nf6 6. d3 Bc5 7. a3 a5 8. b3 0-0 9. Bb2 Nbd7 10. Nbd2 h6 11. Ra2 Qe7 12. Qa1 Bd6 13. e4 dxe4 14. dxe4 Nxe4 15. Nxe4 Bxe4 16. Bxg7 Rfd8 17. Bxh6 f6 18. Re1 Qh7 19. Bd2 Bxf3 20. Bxf3 Be5 21. Qb1 Qxb1 22. Rxb1 Nc5 23. Be3 Bd4 24. Re2 e5 25. h4 Bxe3 26. Rxe3 Rd2 27. b4 axb4 28. axb4 Nd3 29. Be2 Nb2 30. Bf1 Ra2 31. c5 Kg7 32. Re2 Nc4 33. Rxd2 Nxd2 34. Rd1 Rb2 35. Bh3 Nf3+ 36. Kg2 Nd4 37. Ra1 Rxb4 38. Ra7 Nb3 39. Bd7 Kh6 40. Bc8 Nxc5 41. Kf3 Rb3+ 42. Ke2 Kg7 43. f3 Kf7 44. g4 Kg7 45. Kf2 e4 46. fxe4 Nxe4+ 47. Ke2 Nd6 48. Be6 Rb4 49. Kd3 c5 50. h5 Rd4+ 51. Kc2 Kh6 52. Ra8 Re4 53. Bd7 Re7 0-1

[Event "HUN-chT1 Maroczy 2223"]
[Site "Hungary"]
[Date "2022.12.04"]
[Round "2.9"]
[White "Koczo, Kristof"]
[Black "Molnar Gabor, Roland"]
[Result "1-0"]
[WhiteElo "1983"]
[BlackElo "2090"]
[PlyCount "75"]
[EventDate "2022.11.20"]
[EventType "team-tourn"]
[EventRounds "9"]
[EventCountry "HUN"]
[SourceTitle "EXT 2025"]
[Source "ChessBase"]
[SourceDate "2024.10.14"]
[SourceVersion "1"]
[SourceVersionDate "2024.10.14"]
[SourceQuality "1"]
[WhiteTeam "Budapest Kobanya II"]
[BlackTeam "Meritum Egyesulet"]
[WhiteTeamCountry "HUN"]
[BlackTeamCountry "HUN"]

1. d4 Nf6 2. c4 g6 3. Nc3 d5 4. cxd5 Nxd5 5. e4 Nxc3 6. bxc3 Bg7 7. Be3 c5 8. Rc1 Nc6 9. d5 Ne5 10. f4 Ng4 11. Bb5+ Bd7 12. Bxd7+ Qxd7 13. Bxc5 0-0 14. Ne2 Rac8 15. Bd4 e5 16. dxe6 Qxe6 17. Bxg7 Kxg7 18. h3 Nf6 19. e5 Nd5 20. Qd4 Rfd8 21. Qf2 Rc4 22. 0-0 b6 23. Qg3 Kh8 24. f5 gxf5 25. Nd4 Qg6 26. Nxf5 Qxg3 27. Nxg3 Kg8 28. Rcd1 Rxc3 29. Ne4 Rcc8 30. Rxd5 Rxd5 31. Nf6+ Kf8 32. Nxd5 Rc2 33. e6 f5 34. e7+ Ke8 35. Rxf5 Re2 36. Rf8+ Kd7 37. Rd8+ Kc6 38. e8Q+ 1-0

[Event "Budapest BSSZ Schev"]
[Site "Budapest"]
[Date "2022.08.22"]
[Round "5"]
[White "Koczo, Kristof"]
[Black "Singgih, Diajeng Theresa"]
[Result "1/2-1/2"]
[WhiteElo "1958"]
[BlackElo "1972"]
[PlyCount "119"]
[EventDate "2022.08.18"]
[EventType "schev"]
[EventRounds "10"]
[EventCountry "HUN"]
[SourceTitle "CBM 210 Extra"]
[Source "ChessBase"]
[SourceDate "2022.11.30"]
[SourceVersion "1"]
[SourceVersionDate "2022.11.30"]
[SourceQuality "1"]
[WhiteTeam "Masters"]
[BlackTeam "Candidates"]
[WhiteTeamCountry "HUN"]
[BlackTeamCountry "HUN"]

1. d4 d5 2. c4 e6 3. Nc3 Nf6 4. cxd5 Nxd5 5. e4 Nxc3 6. bxc3 c5 7. Nf3 cxd4 8. cxd4 Bb4+ 9. Bd2 Bxd2+ 10. Qxd2 0-0 11. Bc4 Nc6 12. 0-0 b6 13. Rac1 Bb7 14. Rfd1 Qe7 15. Qf4 Rad8 16. d5 Na5 17. d6 Qf6 18. Qxf6 gxf6 19. Bd3 Kg7 20. Bb1 Rd7 21. Rc3 Rfd8 22. e5 Bxf3 23. exf6+ Kxf6 24. Rxf3+ Kg7 25. Rg3+ Kh8 26. Bxh7 Rxd6 27. Rxd6 Rxd6 28. Bd3 Nc6 29. Kf1 Nb4 30. Bc4 Rc6 31. Bb3 Rc1+ 32. Ke2 Ra1 33. a4 Na6 34. Rg4 Nc5 35. Bc2 f5 36. Rc4 Ra2 37. Ke3 Kg7 38. f3 Ra3+ 39. Kf2 Kf6 40. g4 Nd3+ 41. Bxd3 Rxd3 42. h4 fxg4 43. fxg4 Rh3 44. g5+ Kf5 45. Kg2 Ra3 46. Rb4 e5 47. Kh2 Rd3 48. Rb2 Rd4 49. Rf2+ Kg4 50. g6 Rd8 51. g7 Rg8 52. Rf7 a5 53. Kg2 Kxh4 54. Kf3 Kg5 55. Ke4 Kh6 56. Rf6+ Kxg7 57. Rxb6 Rc8 58. Kxe5 Rc4 59. Kd5 Rxa4 60. Kc5 1/2-1/2

[Event "Budapest BSSZ Schev"]
[Site "Budapest"]
[Date "2022.08.18"]
[Round "1"]
[White "Koczo, Kristof"]
[Black "Toth, Lili1"]
[Result "1-0"]
[WhiteElo "1958"]
[BlackElo "1911"]
[PlyCount "99"]
[EventDate "2022.08.18"]
[EventType "schev"]
[EventRounds "10"]
[EventCountry "HUN"]
[SourceTitle "CBM 210 Extra"]
[Source "ChessBase"]
[SourceDate "2022.11.30"]
[SourceVersion "1"]
[SourceVersionDate "2022.11.30"]
[SourceQuality "1"]
[WhiteTeam "Masters"]
[BlackTeam "Candidates"]
[WhiteTeamCountry "HUN"]
[BlackTeamCountry "HUN"]

1. d4 Nf6 2. c4 e6 3. Nc3 Bb4 4. e3 d5 5. a3 Bxc3+ 6. bxc3 c6 7. Bd3 b6 8. cxd5 cxd5 9. Ne2 0-0 10. 0-0 Ba6 11. f3 Bxd3 12. Qxd3 Nbd7 13. c4 dxc4 14. Qxc4 Rc8 15. Qb3 Qc7 16. Bd2 Qc2 17. Qxc2 Rxc2 18. Rfd1 Rfc8 19. Rac1 h6 20. Nc3 Rb2 21. Kf2 e5 22. Ke2 exd4 23. exd4 b5 24. Rb1 Rc2 25. Kd3 R8xc3+ 26. Bxc3 Rxg2 27. Rd2 Rg5 28. Rdb2 a6 29. a4 bxa4 30. Ra1 Rf5 31. Rxa4 Rxf3+ 32. Kc4 Ne4 33. Be1 Rf1 34. Bg3 Rc1+ 35. Kd3 f5 36. Rxa6 Rg1 37. Ra7 Ndf6 38. Be5 Nd5 39. Rbb7 Rd1+ 40. Kc4 Ne3+ 41. Kb5 Rb1+ 42. Kc6 Rc1+ 43. Kd7 Ng4 44. Ke6 Ng5+ 45. Kxf5 Ne3+ 46. Kg6 Rc6+ 47. Kh5 Nf5 48. Bxg7 Nxg7+ 49. Rxg7+ Kf8 50. Rgb7 1-0

[Event "Budapest FS08 Nadassy"]
[Site "Budapest"]
[Date "2021.08.16"]
[Round "9"]
[White "Koczo, Kristof"]
[Black "Laddha, Shubh Jayesh"]
[Result "1/2-1/2"]
[WhiteElo "1975"]
[BlackElo "1934"]
[PlyCount "74"]
[EventDate "2021.08.07"]
[EventType "swiss"]
[EventRounds "12"]
[EventCountry "HUN"]
[SourceTitle "EXT 2022"]
[Source "ChessBase"]
[SourceDate "2021.10.06"]
[SourceVersion "1"]
[SourceVersionDate "2021.10.06"]
[SourceQuality "1"]
[WhiteTeam "Hungary"]
[BlackTeam "Guests"]
[WhiteTeamCountry "HUN"]
[BlackTeamCountry "HUN"]

1. d4 Nf6 2. c4 e6 3. Nf3 d5 4. Nc3 Be7 5. Bg5 0-0 6. e3 h6 7. Bh4 Ne4 8. Bxe7 Qxe7 9. Rc1 c6 10. Bd3 Nxc3 11. Rxc3 dxc4 12. Bxc4 Nd7 13. 0-0 e5 14. dxe5 Nxe5 15. Nxe5 Qxe5 16. Qe2 Bf5 17. Bd3 Rad8 18. Rd1 Bxd3 19. Rcxd3 Rxd3 20. Rxd3 Qa5 21. a3 Rd8 22. b4 Qc7 23. Qd1 Rxd3 24. Qxd3 a5 25. g3 axb4 26. axb4 c5 27. Qc4 b6 28. h4 Qd6 29. b5 h5 30. Qe4 g6 31. Qc6 Qe6 32. Kg2 Kg7 33. Kg1 Kf6 34. Qc7 Kg7 35. Qc6 Kf6 36. Qc7 Kg7 37. Qc6 Kf6 1/2-1/2

[Event "Budapest FS08 Nadassy"]
[Site "Budapest"]
[Date "2020.08.07"]
[Round "6.4"]
[White "Kepplinger, Lukas"]
[Black "Koczo, Kristof"]
[Result "0-1"]
[WhiteElo "2014"]
[BlackElo "2077"]
[PlyCount "92"]
[EventDate "2020.08.01"]
[EventType "team-schev"]
[EventRounds "14"]
[EventCountry "HUN"]
[SourceTitle "EXT 2021"]
[Source "ChessBase"]
[SourceDate "2020.10.23"]
[SourceVersion "1"]
[SourceVersionDate "2020.10.23"]
[SourceQuality "1"]
[WhiteTeam "Team 2"]
[BlackTeam "Team 1"]
[WhiteTeamCountry "HUN"]
[BlackTeamCountry "HUN"]

1. d4 d5 2. Nf3 Nf6 3. c4 c6 4. Nc3 dxc4 5. a4 Bf5 6. Ne5 Nbd7 7. Nxc4 Nd5 8. f3 e5 9. e4 Nxc3 10. bxc3 Be6 11. Be3 exd4 12. Qxd4 Nc5 13. Be2 Qc7 14. Qe5 Qxe5 15. Nxe5 f6 16. Nc4 0-0-0 17. 0-0 Nd3 18. Na5 Bc5 19. Bxc5 Nxc5 20. Bc4 Bxc4 21. Nxc4 Rd3 22. Rfd1 Rhd8 23. Rxd3 Rxd3 24. Kf2 Rxc3 25. Nd6+ Kd7 26. Nf5 g6 27. Ne3 Nd3+ 28. Ke2 Nf4+ 29. Kf2 Rd3 30. Ra2 b6 31. Ng4 Ke7 32. Rc2 c5 33. a5 Ra3 34. axb6 axb6 35. Ne3 b5 36. g3 Nd3+ 37. Ke2 c4 38. f4 g5 39. Nd5+ Kf7 40. f5 Nc5 41. Nc3 Rb3 42. h4 gxh4 43. gxh4 b4 44. Nd5 c3 45. Ke3 Rb2 46. Rc1 Nb3 0-1

[Event "Budapest FS08 Nadassy"]
[Site "Budapest"]
[Date "2020.08.03"]
[Round "3.4"]
[White "Koczo, Kristof"]
[Black "Nemeth, Zalan"]
[Result "0-1"]
[WhiteElo "2077"]
[BlackElo "2017"]
[PlyCount "82"]
[EventDate "2020.08.01"]
[EventType "team-schev"]
[EventRounds "14"]
[EventCountry "HUN"]
[SourceTitle "EXT 2021"]
[Source "ChessBase"]
[SourceDate "2020.10.23"]
[SourceVersion "1"]
[SourceVersionDate "2020.10.23"]
[SourceQuality "1"]
[WhiteTeam "Team 1"]
[BlackTeam "Team 2"]
[WhiteTeamCountry "HUN"]
[BlackTeamCountry "HUN"]

1. d4 Nf6 2. c4 g6 3. Nc3 Bg7 4. e4 d6 5. h3 0-0 6. Bg5 c5 7. d5 e6 8. Bd3 exd5 9. cxd5 Re8 10. Nf3 c4 11. Bc2 b5 12. a3 Nbd7 13. 0-0 Nc5 14. Re1 Qb6 15. Be3 Nfd7 16. Bd4 a5 17. Bxg7 Kxg7 18. Nd4 Ba6 19. b4 Nd3 20. Nce2 axb4 21. Bxd3 cxd3 22. Qxd3 Nc5 23. Qb1 bxa3 24. f3 b4 25. Rxa3 Bxe2 26. Rxa8 Rxa8 27. Rxe2 Nb3 28. Qxb3 Qxd4+ 29. Kh2 Ra3 30. Qb2 Rc3 31. Rd2 Qc4 32. Qa2 b3 33. Qa7 Rc1 34. Qa3 Rc2 35. Rxc2 bxc2 36. Qb2+ f6 37. Qb7+ Kh6 38. Qf7 c1Q 39. Qxf6 Qg5 40. Qf8+ Kh5 41. f4 Qf1 0-1

[Event "HUN-chT 1718"]
[Site "Hungary"]
[Date "2018.03.04"]
[Round "7.10"]
[White "Koczo, Kristof"]
[Black "Mokcsay, Robert"]
[Result "1/2-1/2"]
[WhiteElo "2131"]
[BlackElo "2228"]
[PlyCount "85"]
[EventDate "2017.11.25"]
[EventType "team-tourn"]
[EventRounds "9"]
[EventCountry "HUN"]
[SourceTitle "EXT 2019"]
[Source "ChessBase"]
[SourceDate "2018.10.10"]
[SourceVersion "1"]
[SourceVersionDate "2018.10.10"]
[SourceQuality "1"]
[WhiteTeam "Kobanya Aquarena"]
[BlackTeam "Penzugyor"]
[WhiteTeamCountry "HUN"]
[BlackTeamCountry "HUN"]

1. d4 d5 2. c4 c6 3. Nf3 Nf6 4. Nc3 a6 5. c5 b5 6. cxb6 Nbd7 7. Na4 Nxb6 8. Ne5 Bd7 9. Nc5 e6 10. Qc2 Bxc5 11. Qxc5 Ne4 12. Qa3 f6 13. Nxd7 Qxd7 14. f3 Nd6 15. Qc5 Nbc4 16. b3 Nb7 17. Qb4 Ncd6 18. a4 0-0 19. Ba3 e5 20. dxe5 fxe5 21. e3 e4 22. Be2 exf3 23. Bxf3 Qe6 24. 0-0 Qxe3+ 25. Kh1 a5 26. Qg4 Kh8 27. Qd7 Qe8 28. Qc7 Rf7 29. Qb6 Qd7 30. Rac1 Rc8 31. Bb2 Ne4 32. Bxe4 Rxf1+ 33. Rxf1 dxe4 34. Qe3 Qe7 35. Rf4 Rf8 36. Be5 Nd8 37. Qxe4 Ne6 38. Rxf8+ Nxf8 39. Qf5 Kg8 40. h3 Qc5 41. Qf4 Ne6 42. Qe4 Kf7 43. Kh2 1/2-1/2

[Event "Budapest-chT1 Lilienthal 1718"]
[Site "Budapest"]
[Date "2018.01.14"]
[Round "6"]
[White "Nogrady, Vilmos"]
[Black "Koczo, Kristof"]
[Result "1-0"]
[WhiteElo "2143"]
[BlackElo "2138"]
[PlyCount "51"]
[EventDate "2017.10.01"]
[EventType "team-tourn"]
[EventRounds "13"]
[EventCountry "HUN"]
[SourceTitle "EXT 2021"]
[Source "ChessBase"]
[SourceDate "2020.10.23"]
[SourceVersion "1"]
[SourceVersionDate "2020.10.23"]
[SourceQuality "1"]
[WhiteTeam "Aquarena III"]
[BlackTeam "Palota Sakk"]
[WhiteTeamCountry "HUN"]
[BlackTeamCountry "HUN"]

1. e4 c6 2. d4 d5 3. exd5 cxd5 4. c4 Nf6 5. Nc3 Nc6 6. Nf3 Bg4 7. cxd5 Nxd5 8. Qb3 Bxf3 9. gxf3 Nb6 10. Be3 e6 11. d5 exd5 12. Bxb6 axb6 13. 0-0-0 d4 14. Bc4 Qg5+ 15. Kb1 Qf5+ 16. Bd3 Qa5 17. Rhe1+ Be7 18. Nd5 Kf8 19. Bc4 Bc5 20. Nc7 Bb4 21. Re4 b5 22. Nxb5 g6 23. Nxd4 Nxd4 24. Rexd4 Qa4 25. Qxa4 Rxa4 26. Bb3 1-0